Statistics for Terraria-All Yoyos 1.4.4

Click here to take the quiz!

General Stats

  • This quiz has been taken 58 times
  • The average score is 10 of 21

Answer Stats

HintAnswer% Correct
The first yoyo availableWooden yoyo
96%
Final yoyo in the gameTerrarian
82%
Dropped by MothronThe eye of Cthulhu
76%
Crafted from jungle itemsamazon
62%
Post mechanical bosses and jungle themedyelets
62%
Much better than its pre-hardmode counterpartcode 2
60%
Incredibly rare drop by cavern enemies in hardmodehel-fire
51%
Incredibly rare drop from snow biome enemies in hardmodeamarok
49%
Crafted from bee-themed items after defeating Queen beehive five
49%
Rare drop obtained from hardmode dungeon enemieskraken
49%
Post skeletron and hell themedcascade
44%
Dropped by salamanders in the cavern layerRally
42%
From expert mode treasure bags and part of ___'s setred's throw
40%
Crafted from a wooden yoyo and hardmode items at a mythril or orichalcum anvilchik
31%
Crafted from demoniteMalaise
31%
Crimson variant of aboveArtery
29%
Colors that fade into one another- purchased from the skeleton merchantgradient
29%
Also post skeletron but in the dungeon from gold chestsvalor
29%
Purchased from the merchant after defeating The eye of Cthulhucode one
27%
Expert mode treasure bags and part of ______'svalkyrie yoyo
16%
Bought from the skeleton merchant like the counterweightformat:c
11%

Score Distribution

Percentile by Number Answered

Percent of People with Each Score

Your Score History

You have not taken this quiz